Los medios y las campañas político partidarias

Na minha lista:
Detalhes bibliográficos
Formato: Texto
Assuntos:
Tags: Adicionar Tag
Sem tags, seja o primeiro a adicionar uma tag!

MARC

LEADER 00000 a a2200000 04500
001 6891
003
040
245 |a Los medios y las campañas político partidarias  
650 |a MEDIOS DE COMUNICACION  
650 |a PARTIDOS POLITICOS  
650 |a ELECCIONES  
650 |a EL SALVADOR  
773 |g volumen 28, número 1264; páginas 8--9  
999 |c 24087  |d 24087